{"text_format":"3","workbook":"xls","n_sheets":1,"sheets":["试剂、耗材清单"],"not_rendered":{"external_links":1,"defined_names":1},"read":"whole","date_system":"1900","formulas":"cached_only"}

{"sheet":"试剂、耗材清单","index":0,"n_rows":273,"n_cols":7,"rows_kept":273,"merged":[[0,0,1,6],[272,1,272,2],[272,3,272,6]],"flags":["formulas_cached_only"]}
["合肥大学生物学院生化实验材料采购需求表"]
[]
["序号","物品名称","规格、参数","单位","数量","单价(元)","总价(元)"]
[1,"5号电池","5号","个",12,2.5,30]
[2,"7号电池","7号","个",16,2.5,40]
[3,"伸缩教鞭","颜色红色，蓝色，收缩后21cm,             \n最长伸缩100cm。毛毡头","个",6,12,72]
[4,"小型硅胶吸盘","圆头，颜色随机，材质硅胶","个",3,10,30]
[5,"伸缩式折叠凳","黑色，展开高度45cm.收纳高度6cm.承重100kg.pp材质","个",5,30,150]
[6,"10升气瓶夹双联装","材质不锈钢。可以装2个10升气瓶","个",2,240,480]
[7]
[8,"微生物装片","酵母","片",30,4,120]
[9,"微生物装片","木霉","片",30,4,120]
[10]
[11,"琼脂粉","BR，250g","瓶",1,95,95]
[12,"一次性PE手套","100只/袋","袋",20,8.5,170]
[13,"1000μl蓝吸头","500/袋","包",6,11,66]
[14,"10mLEP管","100/包","包",2,15,30]
[15,"10μl白吸头","1000支/包","包",2,15,30]
[16,"200μl黄吸头","1000个/袋","包",2,11,22]
[17,"▲1.5 mL离心管","500个/袋","包",2,11,22]
[18,"称量纸","15*15cm,500张/包","本",1,22,22]
[19,"记号笔","双头，油性","支",20,5,100]
[20,"无水乙醇","国药,AR,500mL","瓶",4,12,48]
[21,"乙酸","AR，500mL","瓶",2,14,28]
[22,"微量移液器","200-1000uL","把",4,170,680]
[23,"微量移液器","200uL","把",4,170,680]
[26,"培养皿","9cm","个",20,3.8,76]
[27,"打火机","普通","个",5,1,5]
[28,"试管架","塑料18*180mm试管",null,5,12,60]
[29,"纯棉线绳子","直径2-2.5mm","米",100,0.2,20]
[30,"卷纸","3层160g/卷，138mm*104mm","包",20,3.5,70]
[31,"洗洁精","500ml","瓶",1,6.5,6.5]
[32,"洗瓶","500mL","个",5,6.8,34]
[33,"医用脱脂纱布","高密度纱支:21s（经纱）*21s（纬纱）,0.5公斤","包",1,48,48]
[34,"脱脂棉","500g","袋",1,22,22]
[35,"剪刀","不锈钢","把",1,16,16]
[36,"锥形瓶","250ml","只",50,6.5,325]
[37,"烧杯","250ml，塑料","个",3,3.8,11.399999999999999]
[38,"刻度塑料烧杯","500mL",null,3,6.5,19.5]
[39,"烧杯","1000ml、塑料","个",3,7.8,23.4]
[40,"一次性吸管","3ml3包 100个每包","包",4,10,40]
[41,"SanPrep 柱式 DNA 胶回收试剂盒","上海生工 50次/盒，货号B518131-0050","盒",1,150,150]
[42,"SanPrep 柱式质粒 DNA 小量抽提试剂盒","上海生工 50次/盒，货号B518191-0050","盒",1,150,150]
[43,"A6166974SGelred核酸染料, 10000X水溶液","上海生工 100 ul，货号A616697-0100","个",1,220,220]
[44]
[45,"工业酒精","25L","桶 ",5,260,1300]
[46,"氢氧化钠","AR,500g","瓶",10,12,120]
[47,"洗洁精","500mL","瓶",2,5.5,11]
[48,"附温糖度计","0-20","支",3,50,150]
[49,"澳麦麦芽","色度30EBC，浸出率83%","kg",400,5,2000]
[50,"焦香麦芽","色度100EBC","kg ",50,10,500]
[51,"黑麦芽","色度1000EBC","kg",50,10,500]
[52,"小麦麦芽","色度30EBC","kg",100,8,800]
[53,"酿酒酵母","富曼迪斯","kg",1,2300,2300]
[54,"颗粒酒花","ɑ-酸:3%","kg",1,260,260]
[55,"颗粒酒花","ɑ-酸 :11%～13%","kg",1,300,300]
[56]
[57,"保鲜膜","妙洁，无毒性PE（聚乙烯）,30cm*30m","卷",4,9.5,38]
[58,"标签纸","2.3*1.2cm,80张/包","本",2,18,36]
[59,"称量纸","100mm*100mm,500张/包 120g","本",4,10,40]
[60,"定性滤纸（11cm)","直径11cm","盒",2,13.6,27.2]
[61,"试管","18*180mm","只",200,1,200]
[62,"洗洁精","500ml","瓶",3,6.5,19.5]
[63,"纱布","500g","袋",1,48,48]
[64,"电子天平","0.001g","台",1,700,700]
[65,"卷纸","蓝色维达3层180g/卷，138mm*104mm","包",10,3.5,35]
[66,"一次性口罩","国产，无纺布","包",3,4.6,13.8]
[67,"标准pH缓冲剂","4，6.88，9.22","套",4,12,48]
[68,"一次性塑料PE手套","100只/包","包",6,8.5,51]
[69,"记号笔","双头，油性","支",4,2.8,11.2]
[70,"塑料注射器","2.5mL","个",250,0.3,75]
[71,"塑料注射器","1mL","个",250,0.3,75]
[72,"一次性丁晴乳胶手套","材质丁晴乳胶，颜色为蓝色或者绿色，中号","盒",10,45,450]
[73,"枪头","1mL","包",10,15,150]
[74,"枪头","200uL，包","袋",10,18,180]
[75,"玻璃烧杯","1000mL","个",1,10,10]
[76,"蓝盖本色试剂瓶","500 mL","包",4,6.5,26]
[77,"玻璃柱","内径4厘米 100厘米长，砂芯，四氟乙烯活塞","个",2,240,480]
[78,"塑料滴管","包","包",2,8,16]
[79,"84消毒液",null,"瓶",5.6,2,11.2]
[80,"针头过滤器","津腾0.45μm水滤膜","个",200,0.9,180]
[81,"针头过滤器","津腾0.45μm有机滤膜","个",200,0.9,180]
[82,"针头过滤器","津腾0.22μm水滤膜","个",200,0.9,180]
[83,"针头过滤器","津腾0.22μm有机滤膜","个",200,0.9,180]
[84,"微孔滤膜（水膜）","水系Φ 50MM*0.22μm 50张/盒，津腾","盒",2,45,90]
[85,"氢氧化钠","分析纯，500g,国药，粉末状","瓶",2,22,44]
[86,"乙酸","500ml 99.5% ACS色谱纯","瓶",1,350,350]
[87,"pH试纸","1.0～14.0","本",5,1.8,9]
[88,"无水乙醇","AR,500mL","瓶",10,12.5,125]
[89,"EDTA二钠","500g，AR，国药","瓶",1,62,62]
[90,"工业酒精","25L","桶",2,300,600]
[91,"甲醇","色谱纯merck 4L","瓶",2,240,480]
[92,"甲醇","色谱纯4L merck","瓶",2,240,480]
[93,"高良姜素","标准品1g ","瓶",1,470,470]
[94]
[95,"洗洁精","500ml","瓶",1,6.5,6.5]
[96,"一次性PE手套","100只/袋","袋",2,8.5,17]
[97,"食盐","1袋","袋",2,2.5,5]
[98,"一次性食品级TPE手套","200只/盒","盒",6,15.8,94.80000000000001]
[99,"钢丝球",null,"个",2,0.5,1]
[100,"低筋面粉","5kg","袋",3,60,180]
[101,"高筋面粉","5kg","袋",3,60,180]
[102,"高活性干酵母","500g","袋",1,15,15]
[103,"玉米粉","1kg","袋",4,9.9,39.6]
[104,"改良剂","300g","袋",1,10.8,10.8]
[105," 泡打粉","50g","袋",2,3.8,7.6]
[106,"细白砂糖","500g",null,3,10,30]
[107,"铝箔纸","35cm×91.4m","盒",2,26,52]
[108,"烘焙烧烤硅油纸","30m×30cm","盒",3,16.8,50.400000000000006]
[109,"瓷盘","30×20cm","个",2,30,60]
[110,"蓝月亮洗手液","500g/瓶","瓶",1,14.5,14.5]
[111,"抽纸 最小包装","包 维达","包",12,5,60]
[112,"保鲜膜","无毒性PE（聚乙烯）,30cm*30m","卷",4,18,72]
[113,"雀巢全脂牛奶奶粉","不含蔗糖，大豆提取物，粉末状","袋",2,35,70]
[114,"黄油","安佳黄油，5000g","袋",1,370,370]
[115,"月饼馅料5kg","珠江","袋",1,190,190]
[116]
[117,"一次性杯子","妙洁，240mL","包",10,10.5,105]
[118,"品尝试饮杯","50mL，100个装","包",10,18,180]
[119,"标签纸","得力，2.3*1.2cm,80张/包","本",2,18,36]
[120,"一次性手套","PE材质","包",5,6,30]
[121,"矿泉水","596mL","瓶",20,2.5,50]
[122,"玻璃棒","蜀玻，直径5-6mm,长30cm","根",4,2.5,10]
[123,"烧杯","蜀玻，500ml、玻璃","只",2,6.5,13]
[124,"食品级 柠檬酸（一水化合物）","食品级，500g ","瓶",1,16,16]
[125,"蓝莓干红","750ml","瓶",1,78,78]
[126,"蓝莓冰酒","375ml","瓶",1,50,50]
[127,"阿斯巴甜","食品级，500g","瓶",1,48,48]
[128,"啤酒","330mL*24瓶","箱",1,50,50]
[129,"苦味剂（苦瓜提取物）","50g","瓶",1,14.4,14.4]
[130,"容量瓶","1000mL","瓶",2,15,30]
[131]
[132,"医用脱脂纱布","高密度纱支:21s（经纱）*21s（纬纱）,0.5公斤","包",2,48,96]
[133,"塑料滴管","每包100支","袋",1,10,10]
[134,"塑料离心管","5mL，包","袋",1,28,28]
[135,"塑料离心管","50mL，包","袋",1,45,45]
[136,"塑料桶（带盖）","16L","个",6,22,132]
[137,"不锈钢锅","口 36cm","只",0,67,0]
[138,"塑料烧杯","1000mL","个",8,7.5,60]
[139,"塑料烧杯","500mL","个",8,6.8,54.4]
[140,"颗粒状活性炭","500g","瓶",2,28,56]
[141,"垃圾袋","宽（32+6+6）cm*长46cm","包",2,8,16]
[148,"载玻片","50片","盒",1,8,8]
[149,"枪头","10uL，包","袋",4,18,72]
[150,"枪头","1mL","包",4,18,72]
[151,"枪头","200uL，包","袋",4,18,72]
[152,"pH试纸","1.0～14.0","本",1,1.8,1.8]
[153,"pH试纸","5.0～9.0","本",1,2.4,2.4]
[154,"pH试纸","pH 3.8-5.4","本",1,2.4,2.4]
[155,"称量纸","15*15cm,500张/包","本",1,28,28]
[156,"定性滤纸（11cm)","直径11cm","盒",1,16.8,16.8]
[157,"卷纸","3层160g/卷，138mm*104mm","包",20,3.5,70]
[158,"氢氧化钠","500g","瓶",1,12,12]
[159,"▲1000μl蓝吸头","500/袋",null,3,18,54]
[160,"200μl黄吸头","1000个/袋",null,3,18,54]
[161,"离心管","10mL,100个","包",2,35,70]
[162,"无粉绿色芦荟乳胶手套","中号","盒",5,79,395]
[163,"保鲜膜","无毒性PE（聚乙烯）,30cm*30m","卷",2,9.5,19]
[164,"记号笔","双头，油性","支",6,2.8,16.799999999999997]
[165,"塑料注射器","2.5mL","个",200,0.45,90]
[166,"pH试纸",43114,"本",10,1.8,18]
[167,"称量纸","15*15cm,500张/包","本",2,28,56]
[168,"EDTA二钠","500g，AR，国药","瓶",1,62,62]
[169,"标准pH缓冲剂","4，6.88，9.22/上海雷磁","套",10,12,120]
[170,"甲醇","色谱纯4L merck","瓶",4,320,1280]
[171,"乙酸胺","色谱纯 merck 100g","瓶",1,920,920]
[172,"雀巢全脂牛奶奶粉","不含蔗糖，大豆提取物，粉末状","袋",2,45,90]
[173,"不锈钢镊子","10cm","把",4,8.5,34]
[174,"蓝盖本色试剂瓶","250 mL","包",3,6.5,19.5]
[175,"量筒","10ml","只",6,4,24]
[176,"定性滤纸（9cm)","直径9cm","盒",15,13,195]
[177,"镊子","小,尖头","个",12,12,144]
[178,"培养皿","9cm","个",50,3.4,170]
[179,"带盖锥形瓶","100ml","只",50,12,600]
[180,"剪刀","14CM ","把",12,18.5,222]
[181,"滤纸","12.5cm","盒",15,18,270]
[182,"卷纸",null,"卷",2,3.5,7]
[183,"移液管","1ml","根",4,5,20]
[184,"棕色试剂瓶","500ml","只",4,8,32]
[185,"标签纸","2.3*1.2cm,80张/包","本",1,18,18]
[186,"比色皿","1cm,玻璃","只",8,8,64]
[187,"硫酸铁铵","500g，AR，国药","瓶",1,42,42]
[188,"松下9v电池",null,"节",20,12,240]
[189,"5号电池","5号","个",1,2.5,2.5]
[190,"7号电池","7号","个",1,2.5,2.5]
[191,"糯米","500g","袋",3,5,15]
[192,"食盐","500g","袋",3,3,9]
[193,"甜酒曲","8g","袋",2,2.5,5]
[194,"白砂糖","500g","袋",5,10,50]
[195,"雀巢全脂牛奶奶粉","不含蔗糖，大豆提取物，粉末状","袋",3,45,135]
[196,"电子天平","610g/0.01g","台",1,280,280]
[197,"U型锁",null,"个",6,20,120]
[198,"八角","50g","袋",2,10,20]
[199,"桂皮","50g","袋",2,5,10]
[200,"香叶","50g","袋",2,5,10]
[201,"干辣椒","50g","袋",2,5,10]
[202,"葡萄糖","500g AR","瓶",1,16,16]
[203,"MRS肉汤","250g","瓶",2,200,400]
[204,"琼脂条","250g，AR，国药","袋",1,102,102]
[205,"移液枪","1-5ml","支",1,170,170]
[206,"标准pH缓冲剂","4，6.88，9.22","套",4,12,48]
[207,"牛皮纸","120g，787mm*1092mm","张",6,2.5,15]
[208,"脱脂棉","500g","袋",1,24,24]
[209,"玻璃棒","直径5-6mm,长30cm","根",30,2,60]
[210,"透析袋","透析袋MD25(8000-14000D)，","米",5,42,210]
[211,"石英比色皿","10mm，12.4×12.4×45mm","个",2,110,220]
[212,"刻度塑料烧杯","500mL",null,10,6.5,65]
[213,"塑料量筒","100mL","只",5,4,20]
[214,"塑料量筒","500mL","只",5,12,60]
[215,"塑料量筒","1L","只",5,22,110]
[216,"无水乙醇","500ml","瓶",5,13,65]
[217,"三氯乙酸","分析纯，500g","瓶",1,138,138]
[218,"碳酸钙","500g，AR，国药","瓶",1,42,42]
[219,"石英砂","中等颗粒","瓶",1,25,25]
[220,"枪头","200uL，包","袋",4,18,72]
[221,"30-60℃石油醚","AR，500ml,国产，沸程30-60℃","瓶",3,14.5,43.5]
[222,"冰醋酸","分析纯500mL","瓶",2,22,44]
[223,"草酸铵","500g  AR","瓶",1,77,77]
[224,"甲醇","分析纯，500ml,国产","瓶",2,12,24]
[225,"酪蛋白","AR,250g","瓶",1,140,140]
[226,"磷酸","500mL,AR，国药","瓶",1,62,62]
[227,"硫酸铵","500g，AR，国药","瓶",1,20,20]
[228,"硼酸","500g，AR，国药","瓶",1,36,36]
[229,"显微镜擦镜纸","10*15cm，100张/本","本",4,3.8,15.2]
[230,"药勺","不锈钢","根",10,3,30]
[231,"正丁醇","分析纯，500ml,国产","瓶",1,36,36]
[232,"称量纸","15*15cm,500张/包","本",2,29,58]
[233,"定性滤纸（11cm)","直径11cm","盒",3,16.8,50.400000000000006]
[234,"电子天平","610g/0.01g","台",2,280,560]
[235,"VBRA","BR,250g","瓶",1,140,140]
[236,"酚酞","分析纯，25g","瓶",1,8,8]
[237,"氢氧化钠","分析纯，500g,国产，粉末状","瓶",1,12,12]
[238,"水合茚三酮",null,null,1,52,52]
[239,"培养皿","9cm","个",20,3.4,68]
[240,"不锈钢药匙",null,"只",5,3,15]
[241,"称量纸","9*9cm","包",3,10,30]
[242,"枪头","5ml","袋",1,90,90]
[243,"微量移液器","200-1000uL","把",1,170,170]
[244,"附温糖度计","0-20","支",1,50,50]
[245,"一次性杯子","透明、 喝水杯正常大小","包",1,10,10]
[246,"pH试纸","5.0～9.0","本",1,2.4,2.4]
[247,"无水乙醇","AR,500g","瓶",3,13,39]
[248,"牛皮纸","120g，787mm*1092mm","张",1,2.5,2.5]
[249,"酒精计","0-50°","根",5,14,70]
[250,"鞋套","加强加长","包",3,15,45]
[251,"甲醇","分析纯，500ml,国产","瓶",2,12.5,25]
[252,"白砂糖","500g",null,1,10,10]
[253,"抗坏血酸","25g","瓶",1,16,16]
[254,"LST肉汤","250克","瓶",2,110,220]
[255,"BGLB肉汤","250gBR","瓶",1,235,235]
[256,"2，6－二氯酚靛酚","分析纯，5g,","瓶",1,275,275]
[257,"蔗糖","500g","瓶",2,23.5,47]
[258,"氢氧化钾","分析纯，500g","瓶",1,34,34]
[259,"氢氧化钠","分析纯，500g,国产，粉末状","瓶",1,21,21]
[260,"卷纸","3层160g/卷，138mm*104mm","包",10,3.5,35]
[261,"蓝枪头","1000μL","袋",2,18,36]
[262,"枪头","200uL，包","袋",1,18,18]
[263,"苹果",null,"斤",15,12,180]
[264,"一次性水杯",null,"包",3,15,45]
[265,"pH试纸","5.0～9.0","本",4,2.4,9.6]
[266,"pH试纸","pH 3.8-5.4","本",4,2.4,9.6]
[267,"精密pH试纸","0.5-5.0","本",4,2.4,9.6]
[268,"精密pH试纸","pH(5.4-7）","本",4,2.4,9.6]
[269,"精密pH试纸","pH(6.9-8.4）","本",4,2.4,9.6]
[270,"精密pH试纸","pH(1-14）","盒",4,1.7,6.8]
[271,"草酸","分析纯，500g,国产","瓶",1,42,42]
[272,"酸式滴定管","10ml","根",5,48,240]
[273,"微量移液器","200-1000uL","把",2,170,340]
[274,"塑料离心管（平底）","10mL，旋盖","袋",1,45,45]
[275,"聚四氟乙烯磁力搅拌子","长度3cm","个",4,8,32]
[276,"DPPH","250mg","瓶",1,450,439.8]
[277,"无水乙醇","500ml/AR","瓶",2,13.5,27]
[278,"合计",null,34130.00000000001]